000 01381nam a2200349 4500
001 0000016109
003 CO-CtgCURN
005 20250429224004.0
007 ta
008 160627s1989 000 0 eng d
020 _a9682428394
040 _aCO-CtgCURN
_bspa
_ccoctgcurn
082 0 _a370.092
_bP584p
100 1 _aPiaton, Georges.
245 1 0 _aPestalozzi :
_bla confianza en el ser humano /
_cGeorges Piaton , traducción Francisco González Aramburo.
260 _aMexico :
_bTrillas,
_c1989.
300 _a110 p.
336 _2rdacontent
337 _2rdamedia
_asin mediacion
_bn
338 _2rdacarrier
_avolumen
_bnc
490 1 _aBiblioteca grandes educadores ;
_v2
500 _aTaducción de la obra en frances: Pestalozzi.
504 _aBibliografia (p. 105-107)
505 8 _aEl despertar de una vocacion.--El tiempo de escribir.--El maestro de escuela.--El fundador.--La esperanza herida.--La simiente germinara.--La lucha continua.--Dura fue la caida.--Volver a empezar, una vez mas
650 1 4 _aEducación.
700 1 _aGonzález Aramburo, Francisco,
_eTraductor.
908 _a160627
942 _cBK
_h370.092
_iP584p
_2ddc
999 _c34484
_d34484